000 00515nam a2200181Ia 4500
008 180921t1978 xxu||||| |||| 00| 0 sin d
041 _asin
080 _a58
_bRUB
100 _aRuberu, Ranjith
245 _aඋසස් පෙළ උද්භිද විද්‍යාව
246 _aAdvanced level botany
260 _bApothikarees ltd
_Colombo
_c1978
300 _a475p., ill., 22 cm
650 _aBotany
_aPlant morphology
942 _cBK
999 _c17616
_d17616
003 LK-CoDNM
040 _aLK-CoDNM
_dLK-CoDNM
_eLK-CoDNM